Diseño de una planta de tratamiento de desechos para un efluente conteniendo desechos de Boro, Cromo, Flúor, Cobre y Sulfito

Gespeichert in:
Bibliographische Detailangaben
1. Verfasser: Araya López, Ana Gabriela
Format: Buch
Veröffentlicht: San José, C.R 1999
Schlagworte:
Tags: Tag hinzufügen
Keine Tags, Fügen Sie den ersten Tag hinzu!

MARC

LEADER 00000nam a2200000Ia 4500
003 008768
005 20221231144213.0
008 140114s1999 cr a m 000 ||s d
040 |c cru CEDI 
090 |a TFG 4051 
100 |a Araya López, Ana Gabriela  |9 8458 
245 |a Diseño de una planta de tratamiento de desechos para un efluente conteniendo desechos de Boro, Cromo, Flúor, Cobre y Sulfito  
260 |c 1999  |a  San José, C.R 
300 |a xii, 116 hojas : ilustraciones  
500 |a  Tesis (licenciatura en ingeniería química)--Universidad de Costa Rica. Facultad de Ingeniería. Escuela de Ingeniería Química 
650 |x PURIFICACION DE AGUAS RESIDUALES   |x DEPOSITOS DE AGUAS RESIDUALES  |9 8459 
942 |c TFG 
999 |c 18400  |d 18400